| 000 | 00885nam a22002417a 4500 | ||
|---|---|---|---|
| 999 |
_c8655 _d8655 |
||
| 003 | AR-CdUCM | ||
| 008 | 190325b ||||| |||| 00| 0 spa d | ||
| 040 |
_aMUNICIPALIDAD PROVINCIAL DEL CUSCO _cBIBLIOTECA MUNICIPAL DEL CUSCO |
||
| 041 | _hfre | ||
| 082 |
_a914.65 / _bV63 |
||
| 100 |
_aViers, Georges _924193 |
||
| 245 | _aLos Pirineos / | ||
| 260 |
_aBarcelona : _bOikos-tan, S. A. ; _c1973. |
||
| 300 |
_a126 páginas ; _c18cm |
||
| 440 |
_aColección ¿Qué sé? _n100 _924194 |
||
| 505 | _aContenido: La estructura y el relieve -- El clima, las formaciones vegetales y la hidrología -- El pasado de las sociedades pirineicas -- La vida rural -- Las industrias, el turismo y las ciudades | ||
| 650 |
_aPirineos _924195 |
||
| 650 |
_aGeografía _9318 |
||
| 650 |
_aHistoria _9136 |
||
| 700 |
_aBas, Damiá de (traducción) _914287 |
||
| 942 |
_2ddc _cLIBROS |
||
| 945 | _anom | ||